Statistics for TV Dads #2

Click here to take the quiz!

General Stats

  • This quiz has been taken 14 times
  • The average score is 9 of 15

Answer Stats

HintAnswer% Correct
Roseanne (1988-2018)John Goodman
85%
Little House on the Prairie (1974-1983)Michael Landon
85%
Home Improvement (1991-1999)Tim Allen
85%
It’s Always Sunny in Philadelphia (2005-present)Danny DeVito
77%
The Munsters (1964-1966)Fred Gwynne
77%
The Brady Bunch (1969-1974)Robert Reed
77%
Major Dad (1989-1993)Gerald McRaney
62%
The Sopranos (1999-2007)James Gandolfini
62%
Family Ties (1982-1989)Michael Gross
62%
The Jeffersons (1975-1985)Sherman Hemsley
62%
The Goldbergs (2013-present)Jeff Garlin
38%
Sister, Sister (1994-1999)Tim Reid
38%
Picket Fences (1992-1996)Tom Skerritt
38%
The Donna Reed Show (1958-1966)Carl Betz
31%
Everybody Hates Chris (2005-2009)Terry Crews
31%

Score Distribution

Percentile by Number Answered

Percent of People with Each Score

Your Score History

You have not taken this quiz